John Muir / (Record no. 7252)

MARC details
000 -LEADER
fixed length control field 01411cam a22004094a 4500
001 - CONTROL NUMBER
control field 7252
003 - CONTROL NUMBER IDENTIFIER
control field FISKH
005 - DATE AND TIME OF LATEST TRANSACTION
control field 20250704111005.0
008 - FIXED-LENGTH DATA ELEMENTS--GENERAL INFORMATION
fixed length control field 011217s2002 nyua b 001 0beng
010 ## - LIBRARY OF CONGRESS CONTROL NUMBER
LC control number 2001008317
020 ## - INTERNATIONAL STANDARD BOOK NUMBER
International Standard Book Number 0516225154
Qualifying information lib. bdg.
020 ## - INTERNATIONAL STANDARD BOOK NUMBER
International Standard Book Number 0516273426
Qualifying information pbk.
020 ## - INTERNATIONAL STANDARD BOOK NUMBER
International Standard Book Number 9780516225159
Qualifying information (lib. bdg.)
020 ## - INTERNATIONAL STANDARD BOOK NUMBER
International Standard Book Number 9780516273426
Qualifying information (pbk.)
040 ## - CATALOGING SOURCE
Original cataloging agency DLC
Transcribing agency DLC
Modifying agency DLC
Language of cataloging eng
050 ## - LIBRARY OF CONGRESS CALL NUMBER
Classification number QH31.M9 M255
082 ## - DEWEY DECIMAL CLASSIFICATION NUMBER
Classification number 333.7
100 1# - MAIN ENTRY--PERSONAL NAME
Personal name Mara, Wil.
245 10 - TITLE STATEMENT
Title John Muir /
Statement of responsibility, etc. by Wil Mara.
260 ## - PUBLICATION, DISTRIBUTION, ETC.
Place of publication, distribution, etc. New York :
Name of publisher, distributor, etc. Children's Press,
Date of publication, distribution, etc. 2002.
300 ## - PHYSICAL DESCRIPTION
Extent 31 pages :
Other physical details color illustrations ;
Dimensions 19 cm
490 1# - SERIES STATEMENT
Series statement Rookie biographies
505 ## - FORMATTED CONTENTS NOTE
Formatted contents note M<br/>
520 ## - SUMMARY, ETC.
Summary, etc. Introduces the life of John Muir, the naturalist who formed the Sierra Club to help preserve the Sierra Mountains.
521 8# - TARGET AUDIENCE NOTE
Target audience note 530<br/>
Source Lexile <br/>
521 8# - TARGET AUDIENCE NOTE
Target audience note M<br/>
Source Raz-Plus<br/>
650 #0 - SUBJECT ADDED ENTRY--TOPICAL TERM
Topical term or geographic name entry element Naturalists
Geographic subdivision United States
Form subdivision Biography
-- Juvenile literature.
650 #0 - SUBJECT ADDED ENTRY--TOPICAL TERM
Topical term or geographic name entry element Conservationists
Geographic subdivision United States
Form subdivision Biography
-- Juvenile literature.
650 #1 - SUBJECT ADDED ENTRY--TOPICAL TERM
Topical term or geographic name entry element Naturalists.
650 #1 - SUBJECT ADDED ENTRY--TOPICAL TERM
Topical term or geographic name entry element Conservationists.
655 #7 - INDEX TERM--GENRE/FORM
Genre/form data or focus term Literature.
Source of term lcgft
Authority record control number or standard number https://id.loc.gov/authorities/genreForms/gf2014026415
655 #7 - INDEX TERM--GENRE/FORM
Genre/form data or focus term Biographies.
Source of term lcgft
Authority record control number or standard number https://id.loc.gov/authorities/genreForms/gf2014026049
830 #0 - SERIES ADDED ENTRY--UNIFORM TITLE
Uniform title Rookie biography.
906 ## - LOCAL DATA ELEMENT F, LDF (RLIN)
a 7
b cbc
c orignew
d 1
e ecip
f 20
g y-gencatlg
942 ## - ADDED ENTRY ELEMENTS (KOHA)
Source of classification or shelving scheme Dewey Decimal Classification
Koha item type Books
Suppress in OPAC No
Holdings
Withdrawn status Lost status Source of classification or shelving scheme Damaged status Not for loan Collection Home library Current library Shelving location Date acquired Total Checkouts Full call number Barcode Date last seen Copy number Price effective from Koha item type
    Dewey Decimal Classification     Non-Fiction Footprints International School Library Network Toul Kork Campus Footprints International School Library Network Toul Kork Campus TK Primary Library Room(4th Floor), Bookcase 3&4, Shelves 17-32, Yellow Books 07/04/2025   MAR 333.7 QH31.M9 M255 FISTK03266 07/04/2025 1 07/04/2025 Books
    Dewey Decimal Classification     Non-Fiction Footprints International School Library Network Toul Tom Poung Campus Footprints International School Library Network Toul Tom Poung Campus TTP Primary Yellow Bookshelves 10/30/2025   MAR 333.7 QH31.M9 M255 FISTK03252 10/30/2025 2 10/30/2025 Books